000 02105nam0a2200313 4500
001 RU\NLR\bibl\2010729
005 20260409063437.0
010 _a978-5-370-02962-2
_95000
021 _aRU
_b2013-12035
_9862
035 _a(NLR Aleph) 001999281
090 _a4335958
_c4335958
100 _a20130313d2013 |||y0rusy50 ca
101 0 _arus
102 _aRU
105 _ay |||||||||
200 1 _aГражданский процессуальный кодекс Российской Федерации
_e[официальный текст
_eтекст Кодекса приводится по состоянию на 15 января 2013 года
_eпринят Государственной Думой 23 октября 2002 года
_eодобрен Советом Федерации 30 октября 2002 года
_eподписан Президентом РФ 14 ноября 2002 года № 138-ФЗ
_e(в ред. Федеральных законов от 30.06.2003 № 86-ФЗ ... от 30.11.2011 № 351-ФЗ
_eс изм. внесенными постановлениями Конституционного Суда РФ от 18.07.2003 № 13-П ... от 21.04.2010 № 10-П
_eОпределением Конституционного Суда РФ от 13.06.2006 № 272-О)]
210 _aМосква
_cОмега-Л
_d2013
215 _a143 с.
_d20
225 1 _aКодексы Российской Федерации
604 _171001$aРоссийская Федерация
_150011$aГражданский процессуальный кодекс$2nlr_sh2$3RU\NLR\AUTH\661262192
_aРоссийская Федерация
_tГражданский процессуальный кодекс
_92086065
_3RU\NLR\AUTH\661262192
686 _aХ629.2-324.9(2Р)
740 1 _aРоссийская Федерация
_tЗаконы
_iГражданский процессуальный кодекс
_3RU\NLR\AUTH\880379477
_9425338
801 0 _aRU
_bNLR
_c20130313
_gRCR
801 1 _aRU
_bNLR
_c20130313
942 _cBOOK
980 _aNBR
980 _aNB